LDR 00671naa#a2200169#i#450# 001 EN\INFRA-M\bibl\119004 005 20260413170620.1 011 ## _a3033-8166 100 ## _a20260330b2026####ek#y0engy0150####ca 102 ## _aRU 200 1# _aInternational Banking Systems: Status and Possible Changes _eJournal article 210 1# _aMoscow _cINFRA-M Academic Publishing LLC. _d2026 215 ## _a9 с. 608 ## _aJournal article _2local 675 ## _aМногонациональные, международные предприятия и объединения(совместные предприятия и объединения). 334.726 _z 700 #1 _aTsakaev _gA. Kh. 856 4# _anaukaru.ru _u